| 000 | 00605cas a22001935a 4500 | ||
|---|---|---|---|
| 001 | L139819 | ||
| 008 | 070813c1965 xxkar p 0 a0eng u | ||
| 035 | _a(Sirsi) u139819 | ||
| 041 | 0 | _aeng | |
| 110 | 2 |
_aRoyal Institution of Chartered Surveyors _bScottish Branch _9830 |
|
| 245 | 0 | 0 | _aScottish Chartered Surveyors Year Book |
| 260 |
_aGlasgow _bHay Nisbet & Co. Ltd. _c1965- |
||
| 362 | 0 | _a1965/66-1986/87 | |
| 554 | _aOne per year | ||
| 651 | 4 |
_aScotland _y1999- |
|
| 690 | _aMANAGEMENT-BUSINESS MANAGEMENT-PROFESSIONAL PRACTICE | ||
| 780 | 0 | 0 | _tScotish Surveyors' Year Book and Diary |
| 942 | _n0 | ||
| 999 |
_c119132 _d119132 |
||